Dear author : (Record no. 15080)
[ view plain ]
| 000 -LEADER | |
|---|---|
| fixed length control field | 01844cam a2200421 a 4500 |
| 001 - CONTROL NUMBER | |
| control field | 1142808 |
| 003 - CONTROL NUMBER IDENTIFIER | |
| control field | OST |
| 005 - DATE AND TIME OF LATEST TRANSACTION | |
| control field | 20141103093123.0 |
| 008 - FIXED-LENGTH DATA ELEMENTS--GENERAL INFORMATION | |
| fixed length control field | 950322s1995 cau 001 0deng |
| 010 ## - LIBRARY OF CONGRESS CONTROL NUMBER | |
| LC control number | 95014455 |
| 020 ## - INTERNATIONAL STANDARD BOOK NUMBER | |
| International Standard Book Number | 1573240036 (trade paper) |
| 040 ## - CATALOGING SOURCE | |
| Original cataloging agency | DLC |
| Transcribing agency | DLC |
| Modifying agency | DLC |
| 042 ## - AUTHENTICATION CODE | |
| Authentication code | lcac |
| 043 ## - GEOGRAPHIC AREA CODE | |
| Geographic area code | n-us--- |
| 050 00 - LIBRARY OF CONGRESS CALL NUMBER | |
| Classification number | Z 1037 |
| Item number | .L921 1995 |
| 082 00 - DEWEY DECIMAL CLASSIFICATION NUMBER | |
| Classification number | M 028.55 |
| Item number | L95 1995 |
| 245 00 - TITLE STATEMENT | |
| Title | Dear author : |
| Remainder of title | students write about the books that changed their lives / |
| Statement of responsibility, etc | collected by Weekly reader's Read magazine ; introduction by Lois Lowry. |
| 260 ## - PUBLICATION, DISTRIBUTION, ETC. (IMPRINT) | |
| Place of publication, distribution, etc | Berkeley, Calif. : |
| Name of publisher, distributor, etc | Conari Press, |
| Date of publication, distribution, etc | c1995. |
| 300 ## - PHYSICAL DESCRIPTION | |
| Extent | xii, 186 p. ; |
| Dimensions | 18 cm. |
| 500 ## - GENERAL NOTE | |
| General note | Includes index. |
| 520 ## - SUMMARY, ETC. | |
| Summary, etc | A collection of letters from students to an assortment of authors both past and present about the impact of their work on the lives of their readers. |
| 526 ## - STUDY PROGRAM INFORMATION NOTE | |
| Reading level | 0L to 1700L |
| 562 ## - COPY AND VERSION IDENTIFICATION NOTE | |
| Number of copies | for circulation. 1 copy available in the collection |
| 650 #0 - SUBJECT ADDED ENTRY--TOPICAL TERM | |
| Topical term or geographic name as entry element | Students |
| General subdivision | Books and reading |
| Geographic subdivision | United States. |
| 650 #0 - SUBJECT ADDED ENTRY--TOPICAL TERM | |
| Topical term or geographic name as entry element | Authors and readers |
| Geographic subdivision | United States |
| General subdivision | Correspondence. |
| 650 #0 - SUBJECT ADDED ENTRY--TOPICAL TERM | |
| Topical term or geographic name as entry element | Children's literature |
| General subdivision | Appreciation |
| Geographic subdivision | United States. |
| 650 #0 - SUBJECT ADDED ENTRY--TOPICAL TERM | |
| Topical term or geographic name as entry element | Students |
| Geographic subdivision | United States |
| General subdivision | Correspondence. |
| 650 #1 - SUBJECT ADDED ENTRY--TOPICAL TERM | |
| Topical term or geographic name as entry element | Authors |
| General subdivision | Correspondence. |
| 650 #1 - SUBJECT ADDED ENTRY--TOPICAL TERM | |
| Topical term or geographic name as entry element | Students |
| General subdivision | Correspondence. |
| 650 #1 - SUBJECT ADDED ENTRY--TOPICAL TERM | |
| Topical term or geographic name as entry element | Letters. |
| 650 #1 - SUBJECT ADDED ENTRY--TOPICAL TERM | |
| Topical term or geographic name as entry element | Books and reading. |
| 730 0# - ADDED ENTRY--UNIFORM TITLE | |
| Uniform title | Read (Middletown, Conn.) |
| 856 41 - ELECTRONIC LOCATION AND ACCESS | |
| Materials specified | Table of contents only |
| Uniform Resource Identifier | <a href="http://www.loc.gov/catdir/toc/fy0705/95014455.html">http://www.loc.gov/catdir/toc/fy0705/95014455.html</a> |
| 906 ## - LOCAL DATA ELEMENT F, LDF (RLIN) | |
| a | 7 |
| b | cbc |
| c | orignew |
| d | 1 |
| e | ocip |
| f | 19 |
| g | y-gencatlg |
| 942 ## - ADDED ENTRY ELEMENTS (KOHA) | |
| Source of classification or shelving scheme | Library of Congress Classification |
| Koha item type | Books |
| Withdrawn status | Lost status | Source of classification or shelving scheme | Damaged status | Home library | Current library | Shelving location | Date acquired | Total Checkouts | Full call number | Barcode | Date last seen | Copy number | Price effective from | Koha item type |
|---|---|---|---|---|---|---|---|---|---|---|---|---|---|---|
| Library of Congress Classification | College Library | College Library | Filipiniana Section | 04/18/2012 | Z 1037 .L921 1995 | C4416 | 05/08/2018 | 1 | 04/18/2012 | Books |